Statistics for General Knowledge Quiz 1

Click here to take the quiz!

General Stats

  • This quiz has been taken 36 times
  • The average score is 9 of 20

Answer Stats

HintAnswer% Correct
Which world-famous waterfall recently froze due to the extreme cold weather?Niagara Falls
91%
What is the name given to a car that uses both petrol and electric?Hybrid
84%
,What Colour is the gemstone Sapphire?Blue
69%
For which fast food chain is the Whopper the signature hamburger?Burger King
69%
What four-letter prefix can come before bishop, duke, and nemesis?Arch
63%
Approximately how many miles is 5k run?3
59%
Who is the Greek god of war?Ares
56%
Laika was the first animal to orbit the earth in a spacecraft what type of animal was Laika?Dog
53%
Which English King was executed after losing the English civil war?Charles I
47%
What Country who you be in if the locals speak Suomi?Finland
44%
What is French for lemon?Citron
41%
At its height which Empire had a population of 458 million people and covered 25% of the world?British
38%
What is the name of this symbol : ?Colon
34%
Which Premier League Team play their games at the Emirates Stadium?Arsenal
28%
What Fruit can come before Butter, Milk, Oil and Water to make four different products?Coconut
25%
In what part of the human body would you find the Calcaneus bone?Foot
22%
Who Wrote the Game of Thrones Novels?George R.R Martin
19%
Who had UK no1 single? Look what you made me do?Taylor Swift
19%
What subject is Edgar degas best known for painting?Ballet Dancers
13%
In the film Smokey and the Bandit, who or what is Smokey?Police
9%

Score Distribution

Percentile by Number Answered

Percent of People with Each Score

Your Score History

You have not taken this quiz